01575nam a2200397 a 4500001001000000003000900010005001700019007001000036008004100046020001500087040002200102049000900124092001800133100002900151245017100180260004000351300004800391504007300439504003300512650003600545650003900581650005500620650004500675650004200720700002800762700003000790910003700820930004000857942001200897945002800909952010800937956003801045956004001083956003901123999001501162000005412DO-SdBNP20180214101358.0000005412090819s2007 dr acd 000 0 spa d a9945852256 aBPMSUbspacBPMSU aBNPD a307.72bD331r1 aDel Rosario, Pedro Juan 13aLa ruralidad dominicana :breflexiones para la lucha contra la pobreza /cPedro Juan Del Rosario, José Horacio López ; presentación Rafael Pérez Duvergé. aSanto Domingo :bCentenario,c2007. avi, 202 p. :bil., retrs., diagr. ;c23 cm. aIncluye referencias bibliográficas y notas al pie de las páginas aBibliografías : p. 188-202 4aPOBREZAzREPÚBLICA DOMINICANA 4aCAMPESINOSzREPÚBLICA DOMINICANA 4aMIGRACIÓN RURAL - URBANAzREPÚBLICA DOMINICANA 4aDESARROLLO RURALzREPÚBLICA DOMINICANA 4aPOBREZA RURALzREPÚBLICA DOMINICANA1 aLópez, José Horacio1 aPérez Duvergé, Rafael aValidado. Control de calidad MFF 1lBND01mLF1820101014f04pCTg15032 2ddccBK ainventariado, 2018 / dg 00102ddc4070aBPMETbBPMETd2015-12-10l0o307.72 D331rpBPMSU15120140r2015-12-10w2015-12-10yBK aJPARRAb10c20090819lBND01h1107 aBTAVAREZb10c20090821lBND01h0857 aVMATEOb10c20150427lBND01h00151 c7711d7711